000 00690nam a2200289Ia 4500
005 20260324113210.0
008 008 260324s9999 xx 000 0 eng d
020 _a9781003179764
037 _aEBOOK
040 _aCRL
040 _beng
040 _cCRL
041 _2eng
041 _aeng
084 _qCRL
100 _aMichael J. Thompson
_91047156
245 0 _aDescent of the Dialectic
245 0 _bPhronetic Criticism in an Age of Nihilism
260 _bTaylor and Francis
260 _c2024
365 _a
365 _b205
856 _uhttp://www.taylorfrancis.com/books/9781003179764
942 _cEBOOK
999 _c1735344
_d1735344